Normal view
MARC view
- اجراءات التنفيذ -- قوانين وتشريعات -- مصر
Entry Topical Term
001 - CONTROL NUMBER
- control field: 47131
003 - CONTROL NUMBER IDENTIFIER
- control field: JO-AjAnu
005 - DATE AND TIME OF LATEST TRANSACTION
- control field: 20230606081802.0
008 - FIXED-LENGTH DATA ELEMENTS
- fixed length control field: 230606|| aca||aabn | a|a d
040 ## - CATALOGING SOURCE
- Original cataloging agency: JO-AjAnu
- Transcribing agency: JO-AjAnu
150 ## - HEADING--TOPICAL TERM
- Topical term or geographic name entry element: اجراءات التنفيذ -- قوانين وتشريعات -- مصر
670 ## - SOURCE DATA FOUND
- Source citation: Work cat.: (JO-AjAnu)24120: أبو الوفا، أحمد, author 47130, إجراءات التنفيذ في المواد المدنية والتجارية بمقتضى قانون أصول المحاكمات اللبناني